Green or Yellow Blitz Quiz Stats

Quiz Updated Mar 31, 2016

Challenge
Share
Tweet
Embed
Score 0/44 Timer 02:00
1 Play Today
Hint G or Y % Correct
Environmentally friendly???
92.6%
A chicken egg yolk???
92.6%
A rubber duck???
92.5%
Traditional color of New York taxis???
92.4%
SpongeBob SquarePants???
92%
Homer Simpson???
92%
_____ pages - business telephone directory???
91.9%
_____stone National Park???
91.8%
Robin Hood's clothes???
91.7%
_____ Submarine - Beatles song, album & movie???
91.6%
_____ Day - US rock band???
91.3%
Original Post-It notes???
91.2%
_____land - large island controlled by Denmark???
91.2%
_____ brick road - route to the Emerald City???
90.9%
Pac-Man???
90.9%
Buttercup flowers???
90.7%
_____ fever - deadly disease???
90.6%
Jade???
90.5%
A Despicable Me minion???
90.3%
The _____ Mile - movie based on Stephen King novel???
90.1%
A canary???
90.1%
_____ Eggs and Ham - Dr Seuss book???
90.1%
Hint G or Y % Correct
Bein' _____ - song sung by Kermit the Frog???
89.5%
US banknotes???
88.8%
Bottom color of a traffic light???
88.5%
Yoda???
86.9%
_____ river - third longest river in Asia???
82.3%
Xbox 360 game box???
82.2%
Chlorophyll???
82.1%
Kryptonite???
79.5%
Lager (usually)???
79%
_____ card - a caution in soccer???
78.9%
Jacket for the winner of golf's US Masters???
78%
Vulcan blood???
75.9%
Saturn???
75.7%
Yoshi (most of the time)???
72.2%
Oxidized copper???
72%
_____ - Coldplay song???
71.7%
Pennsylvania Avenue / Bond Street on a Monopoly board???
68.7%
Background of the flag of Saudi Arabia???
67.3%
Treble 19 on a dartboard???
61.9%
_____ - REM album???
57.1%
Brazil's national soccer team shirt???
51.9%
April O'Neil's distinctive clothing (in Teenage Mutant Ninja Turtles)???
51.5%

You're not logged in!

Compare scores with friends on all Sporcle quizzes.
Sign Up with Email
OR
Log In

You Might Also Like...

Show Comments

Extras

Top Quizzes Today


Score Distribution

Your Account Isn't Verified!

In order to create a playlist on Sporcle, you need to verify the email address you used during registration. Go to your Sporcle Settings to finish the process.